[Event "VII Open Primavera"]
[Site "Como ITA"]
[Date "2012.04.19"]
[Round "1"]
[White "Crippa, Matteo"]
[Black "Orsenigo, Davide"]
[WhiteElo "1517"]
[BlackElo "1833"]
[Result "0-1"]
[PlyCount "82"]
[EventDate "2012.04.19"]

1. e4 c5 2. Nf3 d6 3. d4 cxd4 4. Nxd4 Nf6 5. Nc3 a6 6. Bg5 e6 7. f4 Be7 8. Qf3
O-O 9. O-O-O Qc7 10. Qg3 Nbd7 11. Be2 b5 12. Bh6 Ne8 13. f5 Ne5 14. h4 Bd7 15.
h5 Kh8 16. Bf4 h6 17. Qe3 Kh7 18. g4 Qd8 19. Rdg1 b4 20. Nd1 Bg5 21. Nf2 Rc8
22. Nh3 Bxf4 23. Nxf4 Qg5 24. Qd2 Nc4 25. Bxc4 Rxc4 26. Nf3 Qd8 27. g5 exf5 28.
gxh6 gxh6 29. exf5 Bxf5 30. Nd3 Rg4 31. Nxb4 Nf6 32. Nxa6 Qa8 33. Rxg4 Qxa6 34.
Qg2 Nxg4 35. Kb1 Qc4 36. Qd2 Rc8 37. Ne1 Qe4 38. Rf1 Ne3 39. Rf2 Nxc2 40. Nxc2
Rxc2 41. Qxc2 Qe1# 0-1

[Event "VII Open Primavera"]
[Site "Como ITA"]
[Date "2012.04.19"]
[Round "1"]
[White "Ghelfi, Giancarlo"]
[Black "Gomez, Roberto"]
[WhiteElo "1667"]
[BlackElo "1904"]
[Result "1/2-1/2"]
[PlyCount "137"]
[EventDate "2012.04.19"]

1. e4 c5 2. Nf3 d6 3. d4 cxd4 4. Nxd4 Nf6 5. Nc3 g6 6. f3 Bg7 7. Be3 O-O 8. Qd2
Nc6 9. Bc4 Ne5 10. Bb3 Bd7 11. O-O-O Qa5 12. Kb1 Rfc8 13. Nd5 Qxd2 14. Nxe7+
Kf8 15. Nxg6+ hxg6 16. Rxd2 Nc4 17. Bxc4 Rxc4 18. Rhd1 Rac8 19. Nb3 Ba4 20. c3
Ne8 21. Rc1 Bxb3 22. axb3 R4c6 23. Rd5 Nc7 24. Rd3 Ne6 25. b4 a6 26. Rcd1 Be5
27. g3 f5 28. exf5 gxf5 29. f4 Bf6 30. Rxd6 Rxd6 31. Rxd6 Ke7 32. Rd5 Ng7 33.
Bc5+ Ke8 34. Rd2 Rc6 35. Kc2 Ne6 36. Rd5 Ng7 37. Kb3 Re6 38. h4 Re4 39. Bb6 Re6
40. Bc5 Be7 41. Bd4 Bf6 42. Kc4 Re4 43. Kd3 Bxd4 44. cxd4 Nh5 45. Rxf5 Nxg3 46.
Rg5 Rxf4 47. Rxg3 Rxh4 48. Re3+ Kd7 49. Kc4 Kd6 50. Re5 b5+ 51. Kd3 Rh3+ 52.
Re3 Rh2 53. Kc3 Rh4 54. Rg3 Rh6 55. Kd3 Re6 56. Rg5 Rf6 57. Ke4 Re6+ 58. Re5
Rf6 59. d5 Rf2 60. Re6+ Kd7 61. Rxa6 Rxb2 62. Kd4 Rxb4+ 63. Kc5 Rb1 64. Ra7+
Kd8 65. Kd6 Ke8 66. Rb7 b4 67. Kc5 b3 68. Kc4 Rb2 69. Kc3 1/2-1/2

[Event "VII Open Primavera"]
[Site "Como ITA"]
[Date "2012.04.19"]
[Round "1"]
[White "Giaracuni, Claudio"]
[Black "Brambilla, Emilio"]
[WhiteElo "1823"]
[BlackElo "1464"]
[Result "1-0"]
[PlyCount "85"]
[EventDate "2012.04.19"]

1. d4 d6 2. g3 g6 3. Bg2 Bg7 4. b3 Nf6 5. Bb2 O-O 6. Nf3 h5 7. Nbd2 c6 8. O-O
Bd7 9. c4 Qc8 10. e4 Nh7 11. Re1 Bh6 12. e5 f5 13. exd6 exd6 14. Qc2 Na6 15. a3
d5 16. Ne5 Rf6 17. cxd5 f4 18. dxc6 bxc6 19. Nxd7 Qxd7 20. d5 Rf5 21. dxc6 Qc7
22. Qc4+ Kf8 23. Qxa6 fxg3 24. hxg3 Bxd2 25. Qb7 Rc8 26. Be5 Qxb7 27. Bd6+ Kg7
28. cxb7 Rd8 29. Re7+ Kh6 30. b8=Q Rxb8 31. Bxb8 Ng5 32. f4 Nf7 33. Rd1 Ba5 34.
Rdd7 Ng5 35. fxg5+ Kxg5 36. Rd5 Bb6+ 37. Kh2 Kg4 38. Bh3+ Kg5 39. Bxf5 gxf5 40.
Kh3 Kf6 41. Rh7 Be3 42. Rd6+ Ke5 43. Re7# 1-0

[Event "VII Open Primavera"]
[Site "Como ITA"]
[Date "2012.04.19"]
[Round "1"]
[White "Lipari, Alberto"]
[Black "Iachelini, Gianfranco"]
[WhiteElo "1609"]
[BlackElo "1437"]
[Result "0-1"]
[PlyCount "76"]
[EventDate "2012.04.19"]

1. c4 c5 2. Nc3 e5 3. g3 Nf6 4. d3 Be7 5. Bg2 O-O 6. Nf3 d6 7. O-O Nc6 8. a3 d5
9. cxd5 Nxd5 10. Nd2 Nxc3 11. bxc3 Bd7 12. Nc4 Qc8 13. Bxc6 Bxc6 14. Nxe5 Be8
15. Be3 f6 16. Nc4 Bd7 17. Qb3 Kh8 18. Bf4 Bh3 19. Rfe1 Qc6 20. e4 Be6 21. Rad1
b5 22. Na5 Qb6 23. Bc7 Bxb3 24. Bxb6 Bxd1 25. Bc7 Ba4 26. Nc6 Rac8 27. Nxe7
Rxc7 28. Nd5 Rd7 29. d4 cxd4 30. cxd4 Bb3 31. Nf4 Rxd4 32. Re3 Bc4 33. Kg2 Re8
34. Kf3 Bf7 35. h4 Bg6 36. e5 fxe5 37. Nh3 e4+ 38. Kg2 Rd3 0-1

[Event "VII Open Primavera"]
[Site "Como ITA"]
[Date "2012.04.19"]
[Round "1"]
[White "Napoli, Ferdinando"]
[Black "Zerboni, Giuseppe"]
[WhiteElo "1724"]
[BlackElo "1455"]
[Result "1-0"]
[PlyCount "71"]
[EventDate "2012.04.19"]

1. e4 c5 2. Nf3 d6 3. d4 cxd4 4. Nxd4 Nf6 5. Nc3 a6 6. Bg5 e6 7. f4 Be7 8. Qf3
Qb6 9. O-O-O Nbd7 10. g4 Nc5 11. Kb1 h6 12. Bxf6 Bxf6 13. f5 Bxd4 14. Rxd4 O-O
15. f6 g6 16. Qe3 Kh7 17. e5 dxe5 18. Re4 Qc6 19. g5 h5 20. Bg2 Nxe4 21. Bxe4
Qc7 22. Qe2 Kg8 23. Bf3 Rd8 24. Bxh5 b5 25. Bxg6 fxg6 26. Qe4 Kf7 27. Qh4 Qb7
28. Qh7+ Ke8 29. Qg8+ Kd7 30. Rd1+ Kc7 31. Qxd8+ Kb8 32. Qd6+ Qc7 33. f7 Kb7
34. f8=Q Qc6 35. Qxc6+ Kxc6 36. Qf3+ 1-0

[Event "VII Open Primavera"]
[Site "Como ITA"]
[Date "2012.04.19"]
[Round "1"]
[White "Panzetta, Vieri"]
[Black "Primerano, Carlo"]
[WhiteElo "1459"]
[BlackElo "1751"]
[Result "0-1"]
[PlyCount "100"]
[EventDate "2012.04.19"]

1. e4 g6 2. Bc4 Bg7 3. d3 d6 4. Nf3 c5 5. O-O e6 6. c3 Nf6 7. Bg5 Qb6 8. Bxf6
Bxf6 9. Qb3 O-O 10. Qxb6 axb6 11. a3 Nc6 12. Bb5 Ra5 13. Bxc6 bxc6 14. Nbd2 b5
15. Rab1 Bd7 16. Nb3 Ra7 17. h3 Rb8 18. Rfe1 b4 19. cxb4 cxb4 20. axb4 Rxb4 21.
Nbd2 c5 22. b3 Ra3 23. Rec1 Bb5 24. Nc4 Bxc4 25. bxc4 Rxd3 26. Rxb4 cxb4 27.
Rb1 b3 28. Ne1 Rc3 29. Nf3 Rxc4 30. Rxb3 Rxe4 31. Rd3 d5 32. Kf1 Kg7 33. Nd2
Rd4 34. Rxd4 Bxd4 35. Nf3 Bc5 36. Ke2 Kf6 37. Nd2 e5 38. f3 Kf5 39. g4+ Kf4 40.
h4 Be7 41. g5 Kg3 42. Nf1+ Kxh4 43. Ne3 Bxg5 44. Nxd5 f5 45. Nb4 Kg3 46. Nd3 e4
47. fxe4 fxe4 48. Nf2 Kf4 49. Nh3+ Kg4 50. Nxg5 Kxg5 0-1

[Event "VII Open Primavera"]
[Site "Como ITA"]
[Date "2012.04.19"]
[Round "1"]
[White "Rossi, Giampiero"]
[Black "Bassoli, Andrea D."]
[WhiteElo "1896"]
[BlackElo "1542"]
[Result "1-0"]
[PlyCount "39"]
[EventDate "2012.04.19"]

1. d4 f5 2. Bg5 Nf6 3. Bxf6 exf6 4. e3 Be7 5. Bd3 d5 6. Ne2 c6 7. c3 O-O 8. Nd2
Bd6 9. O-O Nd7 10. Bxf5 c5 11. Qc2 h6 12. g3 Re8 13. Rfe1 b6 14. Nf1 Bb7 15.
Rad1 Nf8 16. dxc5 bxc5 17. Nf4 Be5 18. Nxd5 Bd4 19. Nf4 g5 20. Qb3+ 1-0

[Event "VII Open Primavera"]
[Site "Como ITA"]
[Date "2012.04.19"]
[Round "1"]
[White "Rossi, Silio"]
[Black "Coppola, Guido"]
[WhiteElo "1580"]
[BlackElo "1990"]
[Result "0-1"]
[PlyCount "84"]
[EventDate "2012.04.19"]

1. b4 Nf6 2. Bb2 e6 3. b5 d5 4. e3 c5 5. bxc6 Nxc6 6. Bb5 Be7 7. Nf3 O-O 8.
Bxc6 bxc6 9. O-O Ba6 10. Re1 Rb8 11. Be5 Rc8 12. Nc3 Nd7 13. Bg3 c5 14. Ne5 Nb6
15. a4 f6 16. Nd3 e5 17. Nb5 Qd7 18. Rb1 Nxa4 19. Nc3 c4 20. Nxa4 cxd3 21. Nc3
d4 22. exd4 exd4 23. Rxe7 Qxe7 24. Nd5 Qd7 25. Qf3 dxc2 26. Rc1 Bb7 27. Qa3
Qxd5 28. f3 Rfe8 29. Qd3 Qc4 30. Qa3 d3 31. Qxa7 Qc5+ 32. Qxc5 Rxc5 33. Bf2 Rb5
34. Be3 Rb1 35. Rf1 Rxf1+ 36. Kxf1 c1=Q+ 37. Kf2 Qd1 38. f4 Qe2+ 39. Kg3 Qxg2+
40. Kh4 Qxh2+ 41. Kg4 h5+ 42. Kf5 Qh3+ 0-1

[Event "VII Open Primavera"]
[Site "Como ITA"]
[Date "2012.04.19"]
[Round "1"]
[White "Salvade', Ettore"]
[Black "Puppi, Simone"]
[WhiteElo "1407"]
[BlackElo "1588"]
[Result "0-1"]
[PlyCount "104"]
[EventDate "2012.04.19"]

1. e4 c5 2. Nf3 Nc6 3. Bc4 e6 4. d3 g6 5. Bf4 Bg7 6. c3 Nge7 7. O-O O-O 8. Nbd2
a6 9. a3 Qb6 10. Rb1 Qd8 11. Nb3 b5 12. Nxc5 bxc4 13. dxc4 e5 14. Be3 d6 15.
Nd3 Bb7 16. b4 f5 17. Ng5 h6 18. Ne6 Qd7 19. Nxf8 Rxf8 20. exf5 Nxf5 21. Qd2
Nce7 22. f3 g5 23. Nc5 Qc8 24. Nxb7 Qxb7 25. b5 axb5 26. Rxb5 Qc6 27. Rb4 Nxe3
28. Qxe3 Nf5 29. Qd2 Qc5+ 30. Kh1 Ne3 31. Rfb1 Nxc4 32. Qa2 d5 33. Rb5 Qxa3 34.
Qe2 Qd6 35. Rd1 Qa3 36. Rdxd5 Qxc3 37. h3 Qc1+ 38. Rd1 Qf4 39. Rb4 Qe3 40.
Qxc4+ Rf7 41. Rb8+ Bf8 42. Rdd8 Kg7 43. Qe4 Qf4 44. Re8 Qc1+ 45. Kh2 Qf4+ 46.
Qxf4 exf4 47. Re6 Bc5 48. Rc8 Bf2 49. Rcc6 Rd7 50. Rg6+ Kf7 51. Rxh6 Bg3+ 52.
Kg1 Rd1# 0-1

[Event "VII Open Primavera"]
[Site "Como ITA"]
[Date "2012.04.26"]
[Round "2"]
[White "Bassoli, Andrea D."]
[Black "Salvade', Ettore"]
[WhiteElo "1542"]
[BlackElo "1407"]
[Result "0-1"]
[PlyCount "62"]
[EventDate "2012.04.19"]

1. e4 e5 2. Nf3 Nc6 3. Bc4 h6 4. O-O Nf6 5. Re1 Bc5 6. c3 O-O 7. d4 exd4 8.
cxd4 Bb6 9. a3 d6 10. Qd3 Bg4 11. Nbd2 Re8 12. b4 a6 13. Bb2 Nh5 14. d5 Ne7 15.
h3 Bxf3 16. Nxf3 Ng6 17. Nd4 Ngf4 18. Qf3 Qf6 19. e5 Rxe5 20. Qc3 Rae8 21. Qd2
Rxe1+ 22. Rxe1 Rxe1+ 23. Qxe1 Bxd4 24. Bc1 Qg6 25. Bxf4 Nxf4 26. g4 Nxh3+ 27.
Kh2 Qxg4 28. Bd3 g6 29. Be2 Qh4 30. Qf1 Nxf2+ 31. Kg2 Qh3+ 0-1

[Event "VII Open Primavera"]
[Site "Como ITA"]
[Date "2012.04.26"]
[Round "2"]
[White "Coppola, Guido"]
[Black "Napoli, Ferdinando"]
[WhiteElo "1990"]
[BlackElo "1724"]
[Result "1-0"]
[PlyCount "60"]
[EventDate "2012.04.19"]

1. e4 c5 2. Nf3 Nc6 3. d3 d6 4. g3 Nf6 5. Bg2 g6 6. O-O Bg7 7. Re1 Qc7 8. c3
O-O 9. Nbd2 Rb8 10. Nf1 b5 11. d4 e6 12. h4 Bb7 13. N1h2 cxd4 14. cxd4 Nb4 15.
e5 dxe5 16. dxe5 Rfd8 17. Qb3 Nc2 18. Bg5 Bd5 19. Qc3 Qxc3 20. bxc3 Nxa1 21.
exf6 Nc2 22. Re2 Bf8 23. Rxc2 Rbc8 24. Nd2 Bb4 25. Bxd5 exd5 26. Rb2 Bxc3 27.
Rxb5 Bxd2 28. Bxd2 Rc2 29. Ba5 Re8 30. Rxd5 Rxa2 1-0

[Event "VII Open Primavera"]
[Site "Como ITA"]
[Date "2012.04.26"]
[Round "2"]
[White "Corti, Filippo"]
[Black "Panzetta, Vieri"]
[WhiteElo "1668"]
[BlackElo "1459"]
[Result "1-0"]
[PlyCount "37"]
[EventDate "2012.04.19"]

1. Nf3 d5 2. g3 Bg4 3. Bg2 Bxf3 4. Bxf3 e6 5. d4 Nf6 6. Nd2 Bd6 7. O-O O-O 8.
c4 c6 9. c5 Bc7 10. b4 a6 11. Bb2 Nbd7 12. Qc2 e5 13. dxe5 Bxe5 14. Bg2 Bxb2
15. Qxb2 Qe8 16. Nf3 Qd8 17. Nd4 Qc8 18. Nf5 Ne8 19. Ne7+ 1-0

[Event "VII Open Primavera"]
[Site "Como ITA"]
[Date "2012.04.26"]
[Round "2"]
[White "Gomez, Roberto"]
[Black "Lipari, Alberto"]
[WhiteElo "1904"]
[BlackElo "1609"]
[Result "0-1"]
[PlyCount "134"]
[EventDate "2012.04.19"]

1. e4 g6 2. d4 Bg7 3. Be3 Nf6 4. Nc3 d6 5. f4 Nc6 6. Nf3 Bg4 7. Qd2 Bxf3 8.
gxf3 e5 9. Bb5 Nd7 10. fxe5 dxe5 11. d5 Nd4 12. O-O-O Nxb5 13. Nxb5 a6 14. Nc3
Qf6 15. Rhf1 Qd6 16. f4 Bh6 17. Qf2 O-O 18. f5 Bxe3+ 19. Qxe3 b5 20. Qh6 b4 21.
fxg6 fxg6 22. Ne2 Nf6 23. Ng3 Ng4 24. Qd2 Rf4 25. h3 Nf6 26. Qe3 Rf8 27. Qd3 h5
28. Rde1 h4 29. Rxf4 exf4 30. e5 Qxd5 31. exf6 Qxd3 32. cxd3 hxg3 33. Kd2 Kf7
34. Re4 g5 35. Ke2 Kxf6 36. Kf3 c5 37. h4 a5 38. hxg5+ Kxg5 39. Re5+ Rf5 40.
Re1 Rd5 41. Rd1 c4 42. d4 a4 43. Ke4 Rf5 44. Kf3 Rf8 45. d5 Rd8 46. Rd4 c3 47.
bxc3 bxc3 48. Rxf4 Rxd5 49. Rg4+ Kh5 50. Rc4 Rd3+ 51. Kg2 Kg5 52. Rxa4 Kf5 53.
Rc4 Ke5 54. a4 Kd5 55. Rc8 Rd2+ 56. Kxg3 Kd4 57. Kf3 c2 58. Rd8+ Kc3 59. Rc8+
Kb2 60. Rb8+ Kc1 61. a5 Rd3+ 62. Ke2 Rd2+ 63. Ke1 Rd3 64. Ke2 Ra3 65. Rb5 Ra2
66. Ke1 Rb2 67. Rc5 Kb1 0-1

[Event "VII Open Primavera"]
[Site "Como ITA"]
[Date "2012.04.26"]
[Round "2"]
[White "Iachelini, Gianfranco"]
[Black "Ghelfi, Giancarlo"]
[WhiteElo "1437"]
[BlackElo "1667"]
[Result "0-1"]
[PlyCount "84"]
[EventDate "2012.04.19"]

1. Nf3 Nf6 2. d4 g6 3. h3 Bg7 4. Bf4 d6 5. Nc3 Nbd7 6. e4 O-O 7. e5 Ne8 8. Qd2
c5 9. Bh6 cxd4 10. Bxg7 dxc3 11. Qh6 cxb2 12. Rb1 Qa5+ 13. Nd2 Nxg7 14. Be2
Qxe5 15. Qe3 Qxe3 16. fxe3 Nf5 17. Kf2 Nc5 18. Rxb2 Na4 19. Rb3 b6 20. Bf3 Rb8
21. g4 Nh4 22. Be2 g5 23. Kg3 Bb7 24. Rf1 Rbc8 25. Bd1 Nc3 26. Bf3 Bxf3 27.
Nxf3 Ne2+ 28. Kf2 Rxc2 29. Nxh4 Nd4+ 30. Kg3 gxh4+ 31. Kxh4 Nxb3 32. axb3 Rc3
33. Ra1 a5 34. Rb1 Rxe3 35. Rb2 Rc8 36. g5 Rcc3 37. Kg4 Rxh3 38. g6 hxg6 39. b4
a4 40. b5 f5+ 41. Kf4 Kg7 42. Re2 Rh4+ 0-1

[Event "VII Open Primavera"]
[Site "Como ITA"]
[Date "2012.04.26"]
[Round "2"]
[White "Mauri, Agostino"]
[Black "Rossi, Silio"]
[WhiteElo "1494"]
[BlackElo "1580"]
[Result "1-0"]
[PlyCount "53"]
[EventDate "2012.04.19"]

1. d4 Nf6 2. c4 d5 3. Nc3 dxc4 4. e4 Nc6 5. e5 Nd5 6. Bxc4 Nxc3 7. bxc3 e6 8.
Nf3 a6 9. a4 Be7 10. O-O h6 11. Be3 Na5 12. Bd3 Bd7 13. Qc2 Bc6 14. Nd2 Bg5 15.
f4 Bh4 16. c4 b6 17. Be4 Qd7 18. f5 Bxe4 19. Qxe4 Qd8 20. fxe6 Bg5 21. Rxf7
Bxe3+ 22. Qxe3 Qc8 23. d5 Qb7 24. d6 Rd8 25. Re7+ Kf8 26. Qf4+ Kg8 27. Qf7+ 1-0

[Event "VII Open Primavera"]
[Site "Como ITA"]
[Date "2012.04.26"]
[Round "2"]
[White "Petetta, Roberto"]
[Black "Rossi, Giampiero"]
[WhiteElo "1665"]
[BlackElo "1896"]
[Result "0-1"]
[PlyCount "104"]
[EventDate "2012.04.19"]

1. e4 c5 2. Nf3 e6 3. d4 cxd4 4. Nxd4 a6 5. Bc4 Nf6 6. f3 b5 7. Bb3 Qc7 8. Be3
Bd6 9. g3 Bb7 10. Nc3 Nc6 11. Nde2 Na5 12. O-O Bc5 13. Qd2 O-O 14. Kh1 Bxe3 15.
Qxe3 d5 16. exd5 Nxb3 17. cxb3 Nxd5 18. Nxd5 Bxd5 19. Nc3 Rfd8 20. b4 Rac8 21.
a3 Qb7 22. Rae1 h6 23. Rf2 Qd7 24. Ne2 Bb7 25. Nc1 Qd4 26. Qxd4 Rxd4 27. Nb3
Rd3 28. Nc5 Rxf3 29. Kg1 Rxf2 30. Kxf2 Bd5 31. Nxa6 Rc2+ 32. Re2 Rxe2+ 33. Kxe2
e5 34. Nc5 f6 35. b3 Kf7 36. a4 bxa4 37. bxa4 Ke7 38. Kd3 Kd6 39. Ne4+ Kc7 40.
Nc3 Bg2 41. Nd1 Bc6 42. a5 Bb5+ 43. Kc3 Kd6 44. Ne3 g6 45. Ng4 f5 46. Nxh6 Kd5
47. Nf7 e4 48. Ng5 e3 49. Nf3 Ke4 50. Ne1 g5 51. h3 f4 52. gxf4 gxf4 0-1

[Event "VII Open Primavera"]
[Site "Como ITA"]
[Date "2012.04.26"]
[Round "2"]
[White "Primerano, Carlo"]
[Black "Casarola, Andrea"]
[WhiteElo "1751"]
[BlackElo "1284"]
[Result "1-0"]
[PlyCount "73"]
[EventDate "2012.04.19"]

1. d4 d5 2. c4 e6 3. Nc3 Nf6 4. Bg5 Be7 5. cxd5 exd5 6. e3 O-O 7. Bd3 b6 8. Nf3
Be6 9. Qc2 Kh8 10. Ne5 Nbd7 11. Nc6 Qe8 12. Nb5 Bd6 13. Ncxa7 Rxa7 14. Nxa7 Qa8
15. Nb5 Qa5+ 16. Nc3 c5 17. O-O Re8 18. Rfd1 cxd4 19. exd4 h6 20. Bxf6 Nxf6 21.
Bf5 Bb4 22. Bxe6 Rxe6 23. a3 Bxc3 24. Qxc3 Qxc3 25. bxc3 Rc6 26. Rd3 Rc4 27. f3
Nd7 28. Rb1 Ra4 29. Rb5 Rxa3 30. Rxd5 Ra1+ 31. Kf2 Nf6 32. Rd6 b5 33. Rb6 Ra2+
34. Kg3 Nh5+ 35. Kg4 g6 36. g3 Nf6+ 37. Rxf6 1-0

[Event "VII Open Primavera"]
[Site "Como ITA"]
[Date "2012.04.26"]
[Round "2"]
[White "Puppi, Simone"]
[Black "Giaracuni, Claudio"]
[WhiteElo "1588"]
[BlackElo "1823"]
[Result "1-0"]
[PlyCount "65"]
[EventDate "2012.04.19"]

1. e4 g6 2. Nf3 Bg7 3. d4 e6 4. c3 Ne7 5. Bd3 d6 6. Bg5 O-O 7. Qd2 Nd7 8. Bh6
Nf6 9. O-O b6 10. Bxg7 Kxg7 11. Qf4 Bb7 12. Nbd2 a5 13. Qh4 c5 14. e5 dxe5 15.
dxe5 Nh5 16. Be4 Bxe4 17. Nxe4 Nd5 18. Rad1 Qxh4 19. Nxh4 Rfd8 20. Rd2 c4 21.
g3 Rd7 22. Nd6 Rad8 23. Rd4 g5 24. Ng2 Kg6 25. Nxc4 f6 26. exf6 Kxf6 27. h4 h6
28. hxg5+ hxg5 29. Nge3 Ke7 30. Nxd5+ Rxd5 31. Rxd5 Rxd5 32. Nxb6 Rd2 33. Nc4
1-0

[Event "VII Open Primavera"]
[Site "Como ITA"]
[Date "2012.04.26"]
[Round "2"]
[White "Zerboni, Giuseppe"]
[Black "Crippa, Matteo"]
[WhiteElo "1455"]
[BlackElo "1517"]
[Result "0-1"]
[PlyCount "78"]
[EventDate "2012.04.19"]

1. Nf3 d5 2. g3 Nf6 3. Bg2 c6 4. e3 Bg4 5. O-O e5 6. Qe1 e4 7. Ne5 Bh5 8. d4
Nbd7 9. Qc3 Bd6 10. Nxd7 Qxd7 11. Nd2 O-O 12. b4 Bg4 13. a4 Rac8 14. Nb3 b6 15.
a5 Qb7 16. Ba3 Nd7 17. Bb2 f6 18. a6 Qb8 19. Nd2 c5 20. bxc5 bxc5 21. dxc5 Be5
22. Qb3 Qxb3 23. cxb3 Bxb2 24. Ra2 Bc3 25. h3 Be2 26. Re1 Bd3 27. Rd1 Nxc5 28.
Bf1 Rfd8 29. Bxd3 Nxd3 30. Rc2 Bb4 31. Rxc8 Rxc8 32. Nf1 Rc1 33. Rxc1 Nxc1 34.
Kg2 Nxb3 35. f3 Nc5 36. g4 Nxa6 37. fxe4 dxe4 38. Ng3 Nc5 39. Kf1 a5 0-1

[Event "VII Open Primavera"]
[Site "Como ITA"]
[Date "2012.05.03"]
[Round "3"]
[White "Brambilla, Emilio"]
[Black "Zerboni, Giuseppe"]
[WhiteElo "1464"]
[BlackElo "1455"]
[Result "1-0"]
[PlyCount "155"]
[EventDate "2012.04.19"]

1. g3 Nf6 2. Bg2 d5 3. d3 e6 4. Nd2 c5 5. Ngf3 Bd6 6. O-O Nc6 7. c3 b6 8. Re1
Bb7 9. e4 e5 10. Qe2 d4 11. c4 Nb4 12. Nf1 Ba6 13. a3 Nc6 14. Nh4 Bc8 15. f4
exf4 16. e5 Bg4 17. Bxc6+ Kf8 18. Qg2 Rc8 19. exf6 Qxf6 20. Qe4 Be6 21. Nf5
Qxf5 22. Qxf5 Bxf5 23. Be4 Bxe4 24. Rxe4 g5 25. gxf4 gxf4 26. Bxf4 Rg8+ 27. Ng3
Bxf4 28. Rxf4 Re8 29. Raf1 Re7 30. Kh1 Ke8 31. Nf5 Re2 32. b3 Rgg2 33. Re4+ Kf8
34. Rxe2 Rxe2 35. Nd6 Rd2 36. Nxf7 Ke7 37. Ne5 Kd6 38. Nf7+ Kc7 39. Ng5 h6 40.
Ne6+ Kd7 41. Nf4 Rb2 42. b4 cxb4 43. axb4 Rxb4 44. Ra1 a5 45. Ne2 Rb3 46. Rd1
Kd6 47. Nxd4 Rb2 48. Nf5+ Kc5 49. d4+ Kc6 50. d5+ Kd7 51. d6 Rc2 52. Rb1 Rxc4
53. Rxb6 h5 54. Rb7+ Kd8 55. Ng7 Rc1+ 56. Kg2 Rd1 57. Ne6+ Kc8 58. Rc7+ Kb8 59.
d7 a4 60. Rc8+ Ka7 61. d8=Q Rxd8 62. Rxd8 a3 63. Rd2 Kb6 64. Ra2 Kc6 65. Rxa3
Kd6 66. Nf4 h4 67. Kh3 Ke5 68. Ra4 Kf5 69. Kxh4 Kf6 70. Kg4 Kg7 71. h4 Kh6 72.
Ra6+ Kh7 73. h5 Kg7 74. h6+ Kh7 75. Kg5 Kg8 76. Ra7 Kh8 77. Ng6+ Kg8 78. h7#
1-0

[Event "VII Open Primavera"]
[Site "Como ITA"]
[Date "2012.05.03"]
[Round "3"]
[White "Casarola, Andrea"]
[Black "Salvade', Ettore"]
[WhiteElo "1284"]
[BlackElo "1407"]
[Result "0-1"]
[PlyCount "118"]
[EventDate "2012.04.19"]

1. d4 d5 2. Nf3 Nc6 3. e3 Nf6 4. Bd3 g6 5. Nbd2 Bg7 6. O-O b6 7. b3 Nb4 8. Ne5
Bb7 9. f4 Nxd3 10. cxd3 a5 11. a4 Nd7 12. Ndf3 f6 13. Ng4 h5 14. Nf2 f5 15. h4
Nf6 16. Ng5 Qd7 17. Ba3 Bh6 18. Nf3 O-O-O 19. Rc1 e6 20. Qc2 Ne8 21. Ne5 Qg7
22. Nd1 Kb8 23. Nc6+ Bxc6 24. Qxc6 Qd7 25. Rf2 Bf8 26. Qxd7 Rxd7 27. Bxf8 Rxf8
28. Rfc2 Nf6 29. Rc6 Re8 30. Nc3 Ng4 31. Nb5 Ree7 32. Kf1 Nxe3+ 33. Kf2 Ng4+
34. Kg3 Nh6 35. Re1 Ng8 36. Rexe6 Rg7 37. Rxg6 Kb7 38. Rce6 Ka6 39. Kf2 Kb7 40.
Rxg7 Rxg7 41. Nc3 c6 42. Re5 Nh6 43. Ne2 Ng4+ 44. Kg1 Nxe5 45. fxe5 Rg4 46. g3
Kc7 47. Kg2 Kd7 48. Nf4 b5 49. e6+ Ke7 50. axb5 cxb5 51. Nxd5+ Kxe6 52. Nf4+
Kd6 53. Nxh5 Rxd4 54. Nf4 Kc5 55. h5 a4 56. bxa4 bxa4 57. h6 Rd8 58. Ng6 Kd6
59. h7 Kc6 0-1

[Event "VII Open Primavera"]
[Site "Como ITA"]
[Date "2012.05.03"]
[Round "3"]
[White "Crippa, Matteo"]
[Black "Corti, Filippo"]
[WhiteElo "1517"]
[BlackElo "1668"]
[Result "0-1"]
[PlyCount "114"]
[EventDate "2012.04.19"]

1. e4 c6 2. d4 d5 3. Nc3 dxe4 4. Nxe4 Bf5 5. Ng3 Bg6 6. h4 h6 7. Nf3 Nd7 8. h5
Bh7 9. Bd3 Bxd3 10. Qxd3 Qc7 11. Bd2 Ngf6 12. O-O-O e6 13. Ne4 Nxe4 14. Qxe4
Nf6 15. Qe2 O-O-O 16. g3 Bd6 17. Rh4 Rhe8 18. c4 c5 19. Be3 Qa5 20. Rd3 cxd4
21. Rhxd4 Be7 22. Kb1 Rxd4 23. Nxd4 Qxh5 24. f3 Rd8 25. Nb5 Qf5 26. Nxa7+ Kb8
27. Kc2 Qxd3+ 28. Qxd3 Rxd3 29. Kxd3 Nd7 30. f4 f5 31. Nb5 Nf6 32. Nd4 Ne4 33.
Nxe6 Nxg3 34. Nxg7 Bf6 35. Bd4 Bxg7 36. Bxg7 h5 37. Ke3 Kc7 38. Kf3 Ne4 39. Kg2
Kc6 40. Kh3 Kc5 41. b3 Kb4 42. Kh4 Ka3 43. Kxh5 Kxa2 44. b4 Kb3 45. Kg6 Ng3 46.
Bf8 Kxc4 47. Bc5 Kd5 48. Bf2 Ne4 49. Kxf5 Nxf2 50. Kg5 Nh3+ 51. Kf5 Nxf4 52.
Kxf4 Kc4 53. Ke3 Kxb4 54. Kd2 Kb3 55. Kc1 b5 56. Kb1 b4 57. Kc1 Ka2 0-1

[Event "VII Open Primavera"]
[Site "Como ITA"]
[Date "2012.05.03"]
[Round "3"]
[White "Ghelfi, Giancarlo"]
[Black "Puppi, Simone"]
[WhiteElo "1667"]
[BlackElo "1588"]
[Result "1-0"]
[PlyCount "79"]
[EventDate "2012.04.19"]

1. e4 c5 2. Nf3 Nc6 3. d4 cxd4 4. Nxd4 d6 5. Nc3 g6 6. Be3 Bg7 7. f3 Qb6 8. Bb5
Bd7 9. Bxc6 bxc6 10. Rb1 c5 11. Nde2 Nf6 12. Qd2 O-O 13. O-O Rab8 14. Rfd1 Rb7
15. Kh1 Rfb8 16. Bg5 Be6 17. Nf4 Qa5 18. Nxe6 fxe6 19. b3 Ne8 20. Na4 Qc7 21.
Bf4 Qd7 22. Nxc5 Qb5 23. Nxb7 Rxb7 24. a4 Qh5 25. Qe2 Nf6 26. Qc4 Kf7 27. Rd3
Qh4 28. Bg3 Qg5 29. Rbd1 Nh5 30. f4 Nxf4 31. Bxf4 Qxf4 32. Rf3 Qxf3 33. gxf3
Be5 34. Rf1 g5 35. Rg1 Kf6 36. Qc8 Rb4 37. Qf8+ Kg6 38. Qg8+ Bg7 39. Qxe6+ Kh5
40. Qg4+ 1-0

[Event "VII Open Primavera"]
[Site "Como ITA"]
[Date "2012.05.03"]
[Round "3"]
[White "Giaracuni, Claudio"]
[Black "Mauri, Agostino"]
[WhiteElo "1823"]
[BlackElo "1494"]
[Result "1/2-1/2"]
[PlyCount "48"]
[EventDate "2012.04.19"]

1. Nf3 d5 2. d3 Nf6 3. Nbd2 Nbd7 4. g3 e5 5. Bg2 Bc5 6. O-O O-O 7. c3 c6 8. Qc2
Re8 9. Nb3 Bb6 10. Bg5 h6 11. Bxf6 Nxf6 12. e4 Qc7 13. Rad1 Be6 14. Rfe1 dxe4
15. dxe4 Rad8 16. h3 Nd7 17. Nh4 Nf8 18. c4 Qc8 19. Nf5 Rxd1 20. Rxd1 Bxf5 21.
exf5 Nd7 22. c5 Bc7 23. Qd3 Nf6 24. g4 Qb8 1/2-1/2

[Event "VII Open Primavera"]
[Site "Como ITA"]
[Date "2012.05.03"]
[Round "3"]
[White "Lipari, Alberto"]
[Black "Broggi, Lorenzo"]
[WhiteElo "1609"]
[BlackElo "1557"]
[Result "0-1"]
[PlyCount "82"]
[EventDate "2012.04.19"]

1. c4 Nf6 2. d4 e6 3. Nc3 Bb4 4. Bg5 O-O 5. e4 h6 6. Bxf6 Qxf6 7. e5 Qe7 8. Nf3
c5 9. a3 cxd4 10. Nxd4 Bxc3+ 11. bxc3 Nc6 12. Qh5 Qc5 13. Nxc6 bxc6 14. Be2 f6
15. exf6 Qxh5 16. Bxh5 Rxf6 17. O-O Ba6 18. Rfd1 Rd8 19. Rd6 Bxc4 20. Rad1 Rf5
21. g4 Rd5 22. R6xd5 Bxd5 23. Bg6 c5 24. Rb1 Bc6 25. f4 Kf8 26. Kf2 Ke7 27. h4
Kf6 28. h5 d6 29. Kg3 d5 30. Kh4 d4 31. cxd4 Rxd4 32. Kg3 Be4 33. Bxe4 Rxe4 34.
Kf3 Rc4 35. Rb3 e5 36. fxe5+ Kxe5 37. Re3+ Kf6 38. Rd3 Rd4 39. Rxd4 cxd4 40.
Ke4 d3 41. Kxd3 Kg5 0-1

[Event "VII Open Primavera"]
[Site "Como ITA"]
[Date "2012.05.03"]
[Round "3"]
[White "Napoli, Ferdinando"]
[Black "Iachelini, Gianfranco"]
[WhiteElo "1724"]
[BlackElo "1437"]
[Result "1-0"]
[PlyCount "75"]
[EventDate "2012.04.19"]

1. e4 c5 2. Nf3 e6 3. d4 d5 4. exd5 exd5 5. Be2 Nc6 6. O-O Nf6 7. Re1 Be7 8. h3
Be6 9. Bf4 Nh5 10. Bh2 Nf6 11. c3 O-O 12. Nbd2 c4 13. Qc2 Qd7 14. Bf1 Bd6 15.
Bxd6 Qxd6 16. Ne5 Qc7 17. Ndf3 Ne7 18. Qd2 Ne4 19. Qf4 f6 20. Ng6 Qxf4 21. Nxf4
Bf7 22. Bxc4 f5 23. Bb3 h6 24. Ne5 g5 25. Nxf7 gxf4 26. Ne5 Kg7 27. Nd3 Rae8
28. Nxf4 Nf6 29. Ne6+ Kf7 30. Nxf8 Kxf8 31. Re6 Kf7 32. Rae1 b6 33. Ba4 Nc6 34.
Rxe8 Nxe8 35. Rxe8 Kxe8 36. Bxc6+ Ke7 37. Bxd5 Kf6 38. f4 1-0